Capoluoghi italiani con una Mappa Vuota - Statistics

Statistiche generali
  • Questo quiz è stato fatto 154 volte
  • Il punteggio medio è 72 su 112
Risposte nella Mappa
Le risposte nella mappa del quiz sottostante sono codificate secondo una scala di colori dal rosso al verde in base alla % di persone che hanno risposto correttamente.
 
Statistiche sulle risposte
Lettera Capoluogo % Corretto
G Genova
84%
C Cagliari
83%
M Milano
83%
N Napoli
83%
P Palermo
83%
T Torino
83%
B Bari
81%
C Catania
81%
R Roma
81%
B Bologna
80%
V Verona
80%
F Firenze
79%
V Venezia
79%
A Aosta
78%
P Pisa
78%
M Messina
75%
P Perugia
75%
S Salerno
75%
S Sassari
75%
B Brescia
74%
L La Spezia
74%
L Lecce
74%
L Livorno
74%
T Trento
74%
T Trieste
74%
B Bergamo
73%
L L'Aquila
73%
R Reggio Calabria
73%
U Udine
73%
S Siracusa
71%
C Campobasso
70%
C Catanzaro
70%
R Reggio Emilia
70%
T Trapani
70%
A Alessandria
69%
E Enna
69%
M Modena
69%
P Parma
69%
A Agrigento
68%
B Bolzano
68%
M Monza
68%
P Padova
68%
P Potenza
68%
R Rimini
68%
A Ancona
66%
A Asti
66%
C Crotone
66%
L Latina
66%
C Cuneo
65%
I Imperia
65%
L Lucca
65%
M Matera
65%
R Ragusa
65%
S Savona
65%
C Como
64%
C Cremona
64%
L Lecco
64%
C Cosenza
63%
F Foggia
63%
A Avellino
61%
B Brindisi
61%
F Forlì
61%
F Frosinone
61%
M Mantova
61%
N Nuoro
61%
S Siena
61%
C Caltanissetta
60%
C Caserta
60%
N Novara
60%
P Pescara
60%
T Taranto
60%
A Ascoli Piceno
59%
P Pavia
59%
T Treviso
59%
V Varese
59%
B Benevento
58%
B Biella
58%
C Carrara
58%
M Massa
58%
P Pesaro
58%
S Sondrio
58%
V Vercelli
58%
V Vibo Valentia
58%
V Vicenza
58%
A Arezzo
56%
F Ferrara
56%
P Piacenza
56%
T Terni
56%
B Belluno
55%
G Gorizia
55%
L Lodi
55%
M Macerata
55%
O Oristano
55%
P Pordenone
55%
V Viterbo
55%
G Grosseto
54%
P Pistoia
54%
R Ravenna
54%
R Rieti
54%
B Barletta
53%
R Rovigo
53%
C Cesena
51%
I Isernia
51%
C Chieti
50%
F Fermo
50%
P Prato
50%
A Andria
49%
T Teramo
46%
U Urbino
46%
T Trani
43%
V Verbania
40%
C Carbonia
28%
Nessun quiz corrispondente trovato
Distribuzione punteggi
Percentuale di utenti per punteggio
Percentile per numero di risposta
I tuoi punteggi nel tempo
Non hai fatto questo quiz